000 01656nam a2200325 a 4500
003 DO-SdBNP
005 20240223162825.0
007 ta
008 220126e2019 dr a|||frf||| 001 0 spa d
020 _a989945591699
040 _aDO-SdBNP
_bspa
_cBNPHU
082 4 _222
_bG943p
245 1 0 _aGuía de precauciones estándares y medidas de aislamiento de pacientes para la prevención de infecciones asociadas a la atención de salud /
_cEditora, Francini Placencia
260 _aSanto Domingo :
_bMinisterio de Salud Pública,
_c2019
300 _a59 p. :
_bil. ;
_c28 cm.
504 _aBibliografía: p. 53 - 54
505 0 _a01. Introducción.
505 0 _a02. Resolución.
505 0 _a03. Objetivo de la Guía.
505 0 _a04. Ámbito de Aplicación.
505 0 _a05. Marco Legal.
505 0 _a06. Glosario.
_t07. Cadena de Transmisión de las Enfermedades Infecciosas.--
_t08. Medidas de Precaucione Estándares.--
_t09. Prevención de Accidentes con Instrumentos Cortopunzantes.--
_t10. Manejo del Ambiente y Elementos Relacionados.--
_t11. Medidas de Precauciones Adicionales Según Vía de Transmisión.--
_t12. Aislamiento Especial.--
_t13. Precauciones para Prevenir Infecciones por Microorganismos Multirresistentes.--
_t14. Bibliografía.--
_tAnexos.
590 _aInventariado 2022 / MF
650 4 _977851
_aPrevención de la salud
_vGuia
_zRepública Dominicana
650 0 _92078
_aSalud Pública
_zRepública Dominicana
700 _977840
_aPlacencia, Francini
_eed.
710 1 _aRepública Dominicana.
_bMinisterio de Salud Pública .
_bViceministerio de Garantía de la Calidad
_980212
910 _aMFeliz
942 _2ddc
_cLBS1
999 _c51235
_d51235